[Event "KB Czech Open"]
[Site "Pardubice CZE"]
[Date "2003.07.20"]
[Round "3"]
[White "Vorobiov,E"]
[Black "Fernando,D"]
[Result "1-0"]
[WhiteElo "2547"]
[BlackElo "2391"]

1.d4 Nf6 2.c4 e6 3.Nf3 b6 4.a3 Bb7 5.Nc3 d5 6.cxd5 Nxd5 7.Qc2 Nxc3 8.Qxc3 Be7
9.Bf4 c6 10.e4 Nd7 11.Rd1 O-O 12.Qc2 c5 13.d5 exd5 14.exd5 g5 15.Be3 g4 16.Nd2 f5
17.Bc4 Bd6 18.O-O a6 19.Bd3 Qh4 20.f4 Rae8 21.Nc4 Bb8 22.Bxf5 Nf6 23.Bf2 Qh6
24.Be6+ Kh8 25.Qc3 Bxf4 26.Bg3 Bxg3 27.hxg3 Re7 28.Rf4  1-0

[Event "MTO"]
[Site "Biel SUI"]
[Date "2003.07.22"]
[Round "2"]
[White "Paulsen,D"]
[Black "Shariyazdanov,A"]
[Result "0-1"]
[WhiteElo "2385"]
[BlackElo "2565"]

1.d4 Nf6 2.c4 e6 3.Nf3 b6 4.a3 Ba6 5.Qc2 Bb7 6.Nc3 c5 7.e4 cxd4 8.Nxd4 d6
9.Be2 Be7 10.Be3 a6 11.O-O-O Qc7 12.g4 Nfd7 13.f4 Nc6 14.Nd5 Qd8 15.Nxc6 Bxc6
16.Nxe7 Qxe7 17.Bf3 Rc8 18.Kb1 f5 19.Qg2 fxg4 20.Qxg4 O-O 21.Rhg1 Rf7 22.Qg2 Nf6
23.e5 Bxf3 24.Qxf3 dxe5 25.fxe5 Nd5 26.Qe4 Nxe3 27.Qxe3 Qc7 28.Rd6 Qxc4 29.Rxb6 Rcf8
30.Qb3 Qxb3 31.Rxb3 Rf2 32.Rb7 g6 33.Rd1 Rxh2 34.Rd6 Rf7 35.Rb8+ Kg7 36.Rxe6 Re2
37.Ree8 Kh6 38.Rb6 Kg5 39.Rxa6 Rb7 40.b4 Rf7 41.Rc8 Rf1+ 42.Rc1 Rxc1+ 43.Kxc1 h5
44.Kd1 Re4 45.Kd2 h4 46.Rf6 Rxe5 47.Rf1 h3 48.a4 Kh4 49.b5 g5 50.b6 g4 51.Rf8 Rh5
52.b7 h2 53.b8=Q h1=Q 54.Kc3 Qc1+ 55.Kb3 Qd1+ 56.Ka3 Qd3+ 57.Kb4 Qd4+ 58.Kb3 Qd5+
59.Kb4 Qc5+ 60.Kb3 Qe3+ 61.Kb4 Kh3 62.Qf4 Qc5+ 63.Kb3 g3 64.Qf3 Kh2 65.Qf4 Rh7
66.Ka2 Qc2+ 67.Ka3 Qc3+ 68.Ka2 Rd7 69.Qh4+ Kg1 70.Rf1+ Kxf1 71.Qh3+ Ke2  0-1

[Event "MTO"]
[Site "Biel SUI"]
[Date "2003.07.24"]
[Round "4"]
[White "Kuzmin,A"]
[Black "Korotylev,A"]
[Result "1/2-1/2"]
[WhiteElo "2583"]
[BlackElo "2546"]

1.d4 Nf6 2.c4 e6 3.Nf3 b6 4.a3 Bb7 5.Nc3 d5 6.Bg5 Be7 7.Qa4+ c6 8.Bxf6 Bxf6
9.cxd5 exd5 10.g3 O-O 11.Bg2 Na6 12.O-O c5 13.Rfd1 Nc7 14.dxc5 bxc5 15.e4 d4
16.e5 Bxf3 17.Bxf3 Rb8 18.exf6 Qxf6 19.Nd5 Qxf3 20.Nxc7 Rxb2 21.Rf1 Qb7 22.Qd7 d3
23.Rae1 h6 24.Re8 Rxe8 25.Qxe8+ Kh7 26.Qxf7 Rb1 27.Qf5+ Kh8 28.Rxb1 Qxb1+
29.Kg2 Qb7+ 30.Nd5 d2 31.Qf8+ Kh7 32.Qf3 Qb1 33.Nc3 Qc1 34.a4 Qxc3 35.Qxc3 d1=Q
36.Qxc5 Qxa4 37.Qf5+  1/2-1/2

[Event "4th It"]
[Site "Montreal CAN"]
[Date "2003.07.25"]
[Round "3"]
[White "Barsov,A"]
[Black "Rozentalis,E"]
[Result "1/2-1/2"]
[WhiteElo "2526"]
[BlackElo "2586"]

1.d4 Nf6 2.c4 e6 3.Nf3 b6 4.a3 Bb7 5.Nc3 d5 6.cxd5 exd5 7.g3 Bd6 8.Bg5 O-O
9.Bh3 Be7 10.O-O Ne4 11.Bxe7 Qxe7 12.Qc2 Na6 13.b4 c5 14.bxc5  1/2-1/2

[Event "KB Czech Open"]
[Site "Pardubice CZE"]
[Date "2003.07.26"]
[Round "9"]
[White "Dziuba,M"]
[Black "Fedorchuk,S"]
[Result "1/2-1/2"]
[WhiteElo "2450"]
[BlackElo "2557"]

1.d4 Nf6 2.c4 e6 3.Nf3 b6 4.a3 Ba6 5.Qc2 c5 6.d5 exd5 7.cxd5 g6 8.Bf4 d6
9.Nc3 Bg7 10.Qa4+ Qd7 11.Bxd6 Qxa4 12.Nxa4 Nxd5 13.O-O-O Nf6 14.Nc3 Nc6 15.Ne5 Nxe5
16.Bxe5 O-O 17.e4 Bxf1 18.Rhxf1 Rfd8 19.h3 Nh5 20.Bc7 Rd4 21.g4 Nf6 22.Be5 Rdd8
23.f4 Ne8 24.Bxg7 Kxg7 25.e5 Nc7 26.Rxd8 Rxd8 27.Rd1 Rxd1+ 28.Kxd1 Ne6 29.Ne4 g5
30.f5 Nd4 31.Nf6 Nf3 32.Nd7 Ng1 33.Kd2 Nxh3 34.Ke3 Nf4 35.Nf6 h6 36.Ke4 Kf8
37.a4 c4 38.Nd5 Nd3 39.e6 fxe6 40.fxe6 Kg7 41.Kf5 Nc5 42.Ke5 Kf8 43.Kf6 Ne4+
44.Kg6 Nf2 45.Kxh6 Nxg4+ 46.Kxg5 Nf2 47.Kf5 Ke8 48.Ne3 Nd3 49.Nxc4 Ke7 50.b3 Nc5
51.Ne5 Nxe6 52.Nc6+  1/2-1/2

[Event "ch-NED Open"]
[Site "Dieren NED"]
[Date "2003.07.28"]
[Round "6"]
[White "Schmitz,Ma"]
[Black "De Kleuver,E"]
[Result "0-1"]
[WhiteElo "2094"]
[BlackElo "2177"]

1.d4 Nf6 2.c4 e6 3.Nf3 b6 4.a3 Bb7 5.Bg5 Be7 6.Nc3 c5 7.e3 O-O 8.Bd3 h6 9.Bh4 d5
10.O-O Nbd7 11.Rc1 dxc4 12.Bxc4 Rc8 13.Bd3 a6 14.Bb1 b5 15.dxc5 Nxc5 16.Qe2 Nd5
17.Bxe7 Qxe7 18.b4 Nxc3 19.Rxc3 Ne4 20.Rxc8 Rxc8 21.Qd3 g6 22.h3 Nc3 23.Qd2 Bxf3
24.gxf3 Qg5+ 25.Kh2 Nxb1 26.Rxb1 Qf5 27.Rc1 Rxc1 28.Qxc1 Qxf3 29.Qc2 Kh7
30.Qd2 Qd5 31.Qc2 Qf3 32.Qd2 h5 33.Qc2 h4 34.Qd2 e5 35.Qc2 e4 36.Qa2 g5 37.Kg1 g4
38.hxg4 h3  0-1

[Event "GM"]
[Site "Aarhus DEN"]
[Date "2003.08.03"]
[Round "8"]
[White "Lalic,B"]
[Black "Palo,D"]
[Result "1/2-1/2"]
[WhiteElo "2503"]
[BlackElo "2510"]

1.d4 Nf6 2.c4 e6 3.Nf3 b6 4.a3 Bb7 5.Nc3 d5 6.Qc2 Nbd7 7.cxd5 exd5 8.g3 Be7
9.Bh3 O-O 10.O-O Ne4 11.Nxe4 dxe4 12.Ne5  1/2-1/2

[Event "WYol u16"]
[Site "Denizli TUR"]
[Date "2003.08.05"]
[Round "3"]
[White "Mankeyev,R"]
[Black "Yildiz,B"]
[Result "1-0"]
[WhiteElo "2037"]
[BlackElo "2122"]

1.d4 Nf6 2.c4 e6 3.Nf3 b6 4.a3 Bb7 5.Nc3 Be7 6.Bg5 d5 7.cxd5 exd5 8.Qa4+ Nbd7
9.Ne5 O-O 10.Nc6 Qe8 11.Nxe7+ Qxe7 12.e3 c5 13.Be2 Qe6 14.O-O Bc6 15.Qc2 Ne4
16.Nxe4 dxe4 17.dxc5 Nxc5 18.h3 h6 19.Bh4 Bd5 20.b4 Nd7 21.Rfc1 Ne5 22.Ba6 Qg6
23.Bg3 Nd3 24.Rcb1 Rfd8 25.a4 Rd7 26.Ra3 Bb7 27.Bb5 Rdd8 28.Rc3 Rdc8 29.Bc7 Qf5
30.Qd2 Bd5 31.Ba6 Re8 32.Bg3 Rad8 33.Qe2 Ne5 34.Rbc1 Qe6 35.Rc7 Re7 36.R7c3 Kh7
37.Bc8 Qd6 38.Bh4 f6 39.b5 Nd3 40.Rb1 Rc7 41.Bg3 Ne5 42.Rxc7 Qxc7 43.Ba6 Re8
44.Qb2 Qd7 45.Qd4 Nd3 46.Rd1 Rd8 47.Rd2 Qe7 48.Rc2 Qe6 49.Rc7 Ra8 50.a5 Nc5
51.axb6 axb6 52.Bc8 Rxc8 53.Rxc8 Qxc8 54.Qxd5 Qd7 55.Qc6 Qb7 56.Bd6 Qa7 57.Bxc5 bxc5
58.Qxe4+ Kh8 59.g3 Qd7  1-0

[Event "US Open"]
[Site "Los Angeles USA"]
[Date "2003.08.05"]
[Round "3"]
[White "Sharavdorj,D"]
[Black "Buehl,W"]
[Result "1-0"]
[WhiteElo "2411"]
[BlackElo "2081"]

1.d4 Nf6 2.c4 e6 3.Nf3 b6 4.a3 Bb7 5.Nc3 d5 6.cxd5 Nxd5 7.Qc2 Nd7 8.e4 Nxc3
9.bxc3 Be7 10.Bd3 c5 11.O-O O-O 12.Bf4 Rc8 13.Qe2 Nf6 14.Rfe1 cxd4 15.cxd4 Rc3
16.a4 Qd7 17.Bd2 Rc7 18.Qd1 Rfc8 19.a5 b5 20.a6 Ba8 21.Ba5 b4 22.Bxc7 Rxc7
23.Rc1 g6 24.Rxc7 Qxc7 25.Qc2 Qxc2 26.Bxc2 Kg7 27.Bd3 Nd7 28.Rc1 Nb6 29.Rc7 Bd6
30.Rxa7 Bb8 31.Rxa8 Nxa8 32.Kf1 Kf6 33.Ke2 Ke7 34.Kd2 Kd7 35.Kc2 Bd6 36.Kb3 Kc7
37.Ng5 Kb6 38.Nxf7 Bxh2 39.Ng5 Bg1 40.Nh3 Bh2 41.e5 Nc7 42.Kxb4 Nd5+ 43.Kb3 Nf4
44.Nxf4 Bxf4 45.Bc4 Bh2 46.Kc3 Bg1 47.f3 g5 48.Kd3 h6 49.Ke4 Bh2 50.d5 exd5+
51.Kxd5 Bg1 52.e6 Kc7 53.Bb5 Kd8 54.Kd6 Bh2+ 55.Kc6 Ke7 56.a7  1-0

[Event "HZ Open"]
[Site "Vlissingen NED"]
[Date "2003.08.07"]
[Round "7"]
[White "Pedersen,St"]
[Black "Spoelman,W"]
[Result "1-0"]
[WhiteElo "2416"]
[BlackElo "2169"]

1.d4 Nf6 2.c4 e6 3.Nf3 b6 4.a3 Ba6 5.Qc2 Bb7 6.Nc3 c5 7.e4 cxd4 8.Nxd4 Bc5
9.Nb3 Nc6 10.Bg5 h6 11.Bh4 Nd4 12.Nxd4 Bxd4 13.Bd3 O-O 14.O-O Qb8 15.Bg3 Be5
16.Qe2 Bxg3 17.hxg3 d6 18.Rfd1 a6 19.Rac1 Qc7 20.b4 Rfd8 21.f3 Rac8 22.Qf2 Nd7
23.Bf1 Qc6 24.Rd4 Ne5 25.Qd2 Rd7 26.f4 Ng4 27.e5 Rcd8 28.Rd1 h5 29.exd6 Nh6
30.b5 axb5 31.cxb5 Qc5 32.Na4 Qxa3 33.Nxb6 Nf5 34.Nxd7 Nxd4 35.Qxd4 Rxd7
36.Rd3 Qa5 37.Qc5 Bd5 38.f5 Qa7 39.b6 Qb7 40.fxe6 fxe6 41.Rxd5 exd5 42.Bb5 Rd8
43.Bc6 Qc8 44.Qxd5+ Kf8 45.Qf3+  1-0

[Event "WYol u16"]
[Site "Denizli TUR"]
[Date "2003.08.09"]
[Round "8"]
[White "Mankeyev,R"]
[Black "Balogh,C"]
[Result "0-1"]
[WhiteElo "2037"]
[BlackElo "2463"]

1.d4 Nf6 2.c4 e6 3.Nf3 b6 4.a3 Ba6 5.Qc2 Bb7 6.Nc3 c5 7.e4 cxd4 8.Nxd4 Bc5
9.Nb3 Nc6 10.Bg5 Nd4 11.Nxd4 Bxd4 12.Bd3 Qb8 13.Ne2 Bc5 14.Qc3 Ng4 15.Bh4 O-O
16.h3 Ne5 17.Bg3 Bd6 18.O-O Qc7 19.Rfd1 Ng6 20.Bxd6 Qxd6 21.Rac1 Rac8 22.Bb1 Qc7
23.Qd4 Rfd8 24.Rc3 Ba6 25.Ba2 Qe5 26.Qe3 Qc5 27.Nd4 h6 28.b4 Qg5 29.Qxg5 hxg5
30.c5 bxc5 31.bxc5 Ne5 32.f3 Rc7 33.Rdc1 Rdc8 34.Bb1 Nc6 35.Nxc6 Rxc6 36.e5 R6c7
37.g3 Bb7 38.Ba2 Kf8 39.Kf2 Ke7 40.f4 Rh8 41.h4 gxf4 42.gxf4 Rxh4 43.Kg3 Rh8
44.Bb1 g6 45.Bd3 Bd5 46.R1c2 Rb7 47.Rh2 Rxh2 48.Kxh2 Rb2+ 49.Kg3 Rg2+ 50.Kh3 Rf2
51.Bc4 Rxf4 52.Bxd5 exd5 53.c6 dxc6 54.Rxc6 Rf3+ 55.Kg4 Rxa3 56.Rd6 Re3 57.Rxd5 Ke6
58.Ra5 Re4+ 59.Kf3 Rxe5 60.Rxa7 Kf6 61.Kg4 Re4+ 62.Kf3 Rb4 63.Ra6+ Kg5 64.Ra3 f5
65.Kg3 Rg4+ 66.Kh3 Rh4+ 67.Kg2 f4 68.Ra6 Rh8 69.Kf3 Rh3+ 70.Kg2 Rb3 71.Kh2 Kf5
72.Kg2 g5 73.Ra5+ Kg4 74.Kg1 Rb2 75.Rc5 f3 76.Ra5 Kf4 77.Ra1 g4  0-1

[Event "US Open"]
[Site "Los Angeles USA"]
[Date "2003.08.13"]
[Round "10"]
[White "Griffiths,M"]
[Black "Zatonskih,A"]
[Result "0-1"]
[WhiteElo "2221"]
[BlackElo "2423"]

1.d4 e6 2.c4 Nf6 3.Nf3 b6 4.a3 Bb7 5.Nc3 d5 6.Bg5 Be7 7.Qa4+ c6 8.Bxf6 Bxf6
9.cxd5 exd5 10.g3 O-O 11.Bg2 Nd7 12.Bh3 Re8 13.O-O Nf8 14.Rad1 g6 15.Rfe1 Bg7
16.e4 dxe4 17.Nxe4 Qc7 18.Qc4 Re7 19.Re3 Rd8 20.Rde1 h6 21.Ne5 c5 22.Nxf7 Rxf7
23.Nd6 Qxd6  0-1

[Event "US Open"]
[Site "Los Angeles USA"]
[Date "2003.08.15"]
[Round "12"]
[White "Zaikov,O"]
[Black "Douthwaite,B"]
[Result "1-0"]
[WhiteElo "2306"]
[BlackElo "2150"]

1.d4 Nf6 2.c4 e6 3.Nf3 b6 4.a3 Bb7 5.Nc3 Be7 6.d5 O-O 7.e4 exd5 8.cxd5 d6
9.Be2 Re8 10.O-O Bf8 11.Bd3 Ba6 12.Re1 Bxd3 13.Qxd3 Nbd7 14.Nd4 a6 15.Bg5 h6
16.Bh4 g5 17.Bg3 Nh5 18.Nf5 Kh7 19.e5 Nc5 20.Qc2 Kh8 21.b4 Nxg3 22.hxg3 Nb7
23.e6 Qf6 24.g4 fxe6 25.dxe6 Rxe6 26.Nd5 Rxe1+ 27.Rxe1 Qf7 28.Qc3+ Bg7 29.Qc6  1-0

[Event "ADCF Masters"]
[Site "Abu Dhabi UAE"]
[Date "2003.08.16"]
[Round "1"]
[White "Khalid,A"]
[Black "Abdelnabbi,I"]
[Result "0-1"]
[WhiteElo "2185"]
[BlackElo "2455"]

1.d4 Nf6 2.Nf3 e6 3.c4 b6 4.a3 Ba6 5.e3 c5 6.Nc3 Be7 7.Bd3 O-O 8.d5 exd5
9.cxd5 d6 10.Bxa6 Nxa6 11.Qd3 Nc7 12.O-O Re8 13.e4 g6 14.Re1 Bf8 15.Bf4 Bg7
16.h3 a6 17.Rad1 b5 18.e5 dxe5 19.Nxe5 Qc8 20.d6 Ne6 21.d7 Nxd7 22.Nxd7 Nxf4
23.Qf3 Qc7 24.Ne4 Kh8 25.Ndxc5 Rad8 26.Rxd8 Rxd8 27.Nxa6 Qe5 28.Nb4 Re8 29.Nd3 Nxd3
30.Qxd3 f5 31.f4 Qd4+  0-1

[Event "ADCF Masters"]
[Site "Abu Dhabi UAE"]
[Date "2003.08.19"]
[Round "4"]
[White "Bagirov,R"]
[Black "Kengis,E"]
[Result "1/2-1/2"]
[WhiteElo "2507"]
[BlackElo "2586"]

1.d4 Nf6 2.c4 e6 3.Nf3 b6 4.a3 Ba6 5.Qc2 Bb7 6.Nc3 c5 7.e4 cxd4 8.Nxd4 Nc6
9.Nxc6 Bxc6 10.Qe2 d6 11.g3 Be7 12.Bg2 O-O 13.O-O Nd7 14.b4 Qb8 15.Bb2 Rc8
16.Nb5 a6 17.Nd4 Bb7 18.f4 Qc7 19.Rac1 Re8 20.f5 e5 21.Nf3 b5 22.Nd2 Bg5
23.Rc3 Nf6 24.Nb3 bxc4 25.Na5 h5 26.h4 Bh6 27.Bf3 Bxe4 28.Bxe4 d5 29.Bg2 e4
30.Rd1 e3 31.Nxc4 dxc4 32.Rxc4 Qxg3 33.Bxf6 gxf6 34.Qf3 Qxf3 35.Bxf3 Rad8
36.Rxd8 Rxd8 37.Kf1 Rd2 38.Be2 Ra2 39.Rc3 Bf4 40.Bxa6 Rf2+ 41.Ke1 Ra2 42.Be2 Ra1+
43.Bd1 Ra2 44.Bc2 Kg7 45.a4 Bd6 46.Ke2 Bxb4 47.Rc7 Ba5  1/2-1/2

[Event "9th Open"]
[Site "Pilsen-Lobzy CZE"]
[Date "2003.08.19"]
[Round "4"]
[White "Vokac,M"]
[Black "Jurek,J"]
[Result "1/2-1/2"]
[WhiteElo "2490"]
[BlackElo "2342"]

1.d4 Nf6 2.c4 e6 3.Nf3 b6 4.a3 Ba6 5.Qb3 d5 6.cxd5 exd5 7.Nc3 Be7 8.Bg5 c6
9.Rd1 O-O 10.Bxf6 Bxf6 11.e3 Bxf1 12.Kxf1 Re8 13.h4 Nd7 14.g4 Be7 15.g5 Bd6
16.Qc2 Qe7 17.h5 Qe6 18.Rh4 f5 19.Ne2 Rac8 20.Kg2 Qf7 21.Rdh1 Re4 22.g6 Qf6
23.gxh7+ Kh8 24.Nf4 Bxf4 25.Rxf4 Rce8 26.Rh3 c5 27.dxc5 bxc5 28.Nh4 Rxf4
29.Ng6+ Kxh7 30.Nxf4 Qe5 31.Rg3 d4 32.Rg5 dxe3 33.fxe3 Qe4+ 34.Qxe4 Rxe4
35.Rxf5 Rxe3 36.Rd5 Nb6 37.Rxc5 Rb3 38.Ra5 Rxb2+ 39.Kg3  1/2-1/2

[Event "ch-FRA"]
[Site "Aix les Bains FRA"]
[Date "2003.08.21"]
[Round "4"]
[White "Chabanon,JL"]
[Black "Sokolov,And1"]
[Result "1/2-1/2"]
[WhiteElo "2498"]
[BlackElo "2554"]

1.d4 Nf6 2.c4 e6 3.Nf3 b6 4.a3 Bb7 5.Nc3 d5 6.cxd5 Nxd5 7.Bd2 Bd6 8.Qc2 f5
9.Nxd5 Bxd5 10.g3 O-O 11.Bg2 Nd7 12.O-O Qe7 13.b4 a5 14.Bg5 Qf7 15.bxa5 bxa5
16.Bd2 Qe7 17.Bg5 Qf7 18.Bd2  1/2-1/2

[Event "23rd Open"]
[Site "Bratto ITA"]
[Date "2003.08.21"]
[Round "1"]
[White "Epishin,V"]
[Black "Shytaj,C"]
[Result "1-0"]
[WhiteElo "2642"]
[BlackElo "2150"]

1.d4 Nf6 2.c4 e6 3.Nf3 b6 4.a3 Bb7 5.Nc3 d5 6.Bg5 Be7 7.Bxf6 Bxf6 8.cxd5 exd5
9.Qb3 O-O 10.Rd1 c6 11.g3 Na6 12.Bg2 Nc7 13.O-O Ne6 14.e3 Rc8 15.Rd2 Rc7
16.Rfd1 Qa8 17.h4 Rd8 18.Qa2 Rcd7 19.Qb1 c5 20.Qf5 cxd4 21.exd4 Re8 22.Nh2 Nf8
23.Ng4 Re6 24.Re2 Qd8 25.Rxe6 Nxe6 26.Nxf6+ Qxf6 27.Qxf6 gxf6 28.Rd2 Kf8
29.Nd1 Rc7 30.Ne3 Rc1+ 31.Kh2 Nc7 32.g4 b5 33.Kg3 a5 34.Bf1 b4 35.axb4 axb4
36.Bd3 h6 37.Rc2 Rxc2 38.Nxc2 Ne6 39.b3 Ke7 40.Kf3 Kd6 41.Ke3 Kc7 42.Nxb4 Kd6
43.Na2 Bc8 44.Bf5 Ba6 45.Bxe6 Kxe6 46.Nc3 Kd6 47.Kf4 Bd3 48.b4 Kc6 49.h5  1-0

[Event "23rd Open"]
[Site "Bratto ITA"]
[Date "2003.08.27"]
[Round "7"]
[White "Horvath,Cs1"]
[Black "Sax,G"]
[Result "0-1"]
[WhiteElo "2513"]
[BlackElo "2521"]

1.d4 Nf6 2.Nf3 e6 3.c4 b6 4.a3 c5 5.d5 Ba6 6.Qc2 exd5 7.cxd5 g6 8.Nc3 Bg7
9.g3 O-O 10.Bg2 d6 11.O-O b5 12.Re1 Nbd7 13.h3 Qb6 14.e4 Rac8 15.Bf4 b4 16.Na4 Qb8
17.Nd2 Nh5 18.Be3 Ne5 19.axb4 cxb4 20.Qb3 Nc4 21.Nc5 Rxc5 22.Rxa6 Nxe3 23.Rxe3 Rfc8
24.Bf1 Rc1 25.Kg2 Bh6 26.Rd3 Nxg3 27.fxg3 R8c2 28.Rc6 Rxd2+ 29.Rxd2 Bxd2
30.Rxc1 Bxc1 31.Qc2 Bg5 32.Ba6 Kg7 33.b3 Qb6 34.Bd3 h5 35.Qf2 Be3 36.Qc2 a5
37.h4 Qd4 38.Qc4 Qa1 39.Bf1 Bc5 40.Qc2 Qd4 41.Kh3 Qg1 42.Qg2 Qe3 43.Qc2 a4
44.bxa4 b3 45.Qb1 Bd4 46.a5 Be5 47.Qd3 Qe1  0-1

[Event "European GP"]
[Site "Izmir TUR"]
[Date "2003.08.27"]
[Round "3"]
[White "Demirel,T"]
[Black "Bagaturov,G"]
[Result "1/2-1/2"]
[WhiteElo "2217"]
[BlackElo "2462"]

1.d4 Nf6 2.c4 e6 3.Nf3 b6 4.a3 Ba6 5.Qc2 Bb7 6.Nc3 c5 7.e4 cxd4 8.Nxd4 Nc6
9.Nxc6 Bxc6 10.Qe2 d6 11.g3 Be7 12.Bg2 O-O 13.O-O Rc8 14.Bf4 Qc7 15.Rfd1 Rfd8
16.Rac1 Qb7 17.b4 Qb8 18.Nb5 Ne8 19.e5 Bxg2 20.Kxg2 dxe5 21.Bxe5 Qb7+ 22.Qf3 Qxf3+
23.Kxf3 Rxd1 24.Rxd1 a6 25.c5 bxc5 26.Na7 Ra8 27.Nc6 Kf8 28.Rd7 Bf6 29.bxc5 Rc8
30.Bxf6 Nxf6 31.Rd8+ Rxd8 32.Nxd8 Ke8 33.Nb7 Kd7 34.Na5 e5 35.g4 Ke6 36.g5 Nd5
37.Ke4 f5+ 38.gxf6 gxf6 39.Nc6 f5+ 40.Kd3 Nf4+ 41.Ke3 Ng6 42.a4 Nf8 43.f4 exf4+
44.Kxf4 Ng6+ 45.Kg5 f4 46.Kg4 Ne5+ 47.Nxe5 Kxe5 48.h4 Ke4 49.c6 f3 50.Kg3 Ke3
51.c7 f2 52.c8=Q f1=Q 53.Qe6+ Kd4 54.Qd7+ Ke5 55.Qe7+ Kd5 56.Qxh7 Qe1+ 57.Kg4 Qb4+
58.Kg5 Qd2+ 59.Kf6 Qc3+ 60.Kg6 Qc2+ 61.Kh6 Qc1+ 62.Kg7 Qc3+ 63.Kg6 Qc2+  1/2-1/2

[Event "Open"]
[Site "Porto San Giorgo ITA"]
[Date "2003.08.28"]
[Round "8"]
[White "Burmakin,V"]
[Black "Naumkin,I"]
[Result "1/2-1/2"]
[WhiteElo "2575"]
[BlackElo "2406"]

1.d4 e6 2.c4 Nf6 3.Nf3 b6 4.a3 Bb7 5.Nc3 d5 6.cxd5 exd5 7.Bf4 Bd6 8.Bg3 O-O
9.e3 c5 10.Be2 Bxg3 11.hxg3 Qe7 12.O-O Nbd7 13.Qa4 a6 14.dxc5 bxc5 15.Rfd1 Rac8
16.Rac1 Rfe8 17.b4 d4 18.exd4 cxb4 19.Qxb4 Qxb4 20.axb4 Rxc3 21.Rxc3 Rxe2
22.Rc7 Bd5 23.Ne5 Nf8 24.f3 h5 25.Ra7 Be6 26.Rxa6 Nd5 27.Nd3 g5 28.Ra5 Ng6
29.Re1 Rd2 30.Nc5 h4 31.Nxe6 fxe6 32.gxh4 Ngf4 33.Ra7 Rxg2+ 34.Kh1 Rg3 35.hxg5 Rh3+  1/2-1/2

[Event "Acropolis Open"]
[Site "Athens GRE"]
[Date "2003.08.29"]
[Round "5"]
[White "Avrukh,B"]
[Black "Rozentalis,E"]
[Result "1/2-1/2"]
[WhiteElo "2557"]
[BlackElo "2586"]

1.d4 Nf6 2.c4 e6 3.Nf3 b6 4.a3 Bb7 5.Nc3 d5 6.Qc2 Be7 7.cxd5 exd5 8.Bf4 O-O
9.e3 Nbd7 10.Be2 c5 11.O-O a6 12.Rfd1 Rc8 13.Qf5 Re8 14.Ne5 g6 15.Qh3 cxd4
16.exd4 Nf8 17.Be3  1/2-1/2

[Event "Polish Extraleague"]
[Site "Lubniewice POL"]
[Date "2003.08.30"]
[Round "1"]
[White "Dziuba,M"]
[Black "Liwak,P"]
[Result "0-1"]
[WhiteElo "2450"]
[BlackElo "2313"]

1.d4 Nf6 2.c4 e6 3.Nf3 b6 4.a3 Ba6 5.Qc2 Bb7 6.Nc3 c5 7.e4 cxd4 8.Nxd4 Bc5
9.Nb3 Nc6 10.Bg5 Nd4 11.Nxd4 Bxd4 12.Bd3 Qb8 13.Ne2 Bc5 14.b4 Bd6 15.Bd2 Nh5
16.g3 f5 17.f3 fxe4 18.Bxe4 Nf6 19.Bxb7 Qxb7 20.O-O O-O 21.Qd3 Be5 22.Rac1 Rac8
23.Qe3 Bb8 24.Nd4 a6 25.a4 Rf7 26.Qe2 Rcf8 27.Be3 Ne8 28.Kg2 Nd6 29.g4 Nc8
30.h4 Ne7 31.h5 e5 32.Nb3 e4 33.Nd2 exf3+ 34.Rxf3 Rxf3 35.Nxf3 Qe4 36.Kf2 Qxg4
37.Rg1 Qh4+ 38.Kf1 Qh3+ 39.Kf2 Nf5 40.Qf1 Bg3+ 41.Ke2 Qg4  0-1

[Event "1st League TCh-SCG"]
[Site "Budva SCG"]
[Date "2003.09.01"]
[Round "4"]
[White "Istratescu,A"]
[Black "Perunovic,Mil"]
[Result "1-0"]
[WhiteElo "2586"]
[BlackElo "2527"]

1.d4 Nf6 2.c4 e6 3.Nf3 b6 4.a3 Ba6 5.Qb3 d5 6.cxd5 exd5 7.Bg5 Be7 8.Nc3 c6
9.Bxf6 Bxf6 10.e4 Bxf1 11.Rxf1 O-O 12.O-O-O dxe4 13.Nxe4 Nd7 14.Ne5 Bxe5
15.dxe5 Qe7 16.f4 Nc5 17.Nxc5 bxc5 18.Rf2 Rab8 19.Qc4 Rfd8 20.Rfd2 Rxd2 21.Rxd2 h6
22.g3 h5 23.Rc2 Rb5 24.Re2 Rb8 25.e6 Rd8 26.Re5 Rd5 27.Rxd5 cxd5 28.Qxd5 fxe6
29.Qxh5 Qb7 30.Qe2 Qd5 31.h4 Kf7 32.Kc2 a5 33.Qd3 Qc6 34.h5 a4 35.Qg6+ Kf8
36.h6 gxh6 37.Qxh6+ Kf7 38.Qh7+ Kf6 39.Qh6+ Kf5 40.Qh5+ Kf6 41.Qe5+ Kf7 42.Qe2 Qd5
43.g4 Qb3+ 44.Kc1 Qg3 45.Qc4 Qxg4 46.Qxa4 Qg1+ 47.Qd1 Qe3+ 48.Qd2 Qe4 49.Qd6 Qe1+
50.Kc2 Qe4+ 51.Kb3 Qb7+ 52.Ka2 Qb5 53.Qe5 Qc4+ 54.Kb1 Qd3+ 55.Kc1 c4 56.Qe1 Qf3
57.Qd2 Qe4 58.a4 Qh1+ 59.Kc2 Qc6 60.a5 Qa4+ 61.Kb1 Ke7 62.Qc3 Kd7 63.Kc1 Qc6
64.Qd4+ Kc8 65.Kd2 Qb5 66.Qb6 Qd5+ 67.Kc3 Qd3+ 68.Kb4 Qd2+ 69.Kxc4 Qxf4+
70.Qd4 Qf1+ 71.Kb4 Qa1 72.Kb5 Qh1 73.a6 Qh2 74.b4 e5 75.Qc5+ Kb8 76.Qd6+ Kc8
77.Qc6+ Kd8 78.a7  1-0

[Event "ch-ISL"]
[Site "Hafnarborg ISL"]
[Date "2003.09.01"]
[Round "9"]
[White "Johannesson,I"]
[Black "Bjarnason,S"]
[Result "1/2-1/2"]
[WhiteElo "2247"]
[BlackElo "2269"]

1.d4 Nf6 2.c4 e6 3.Nf3 b6 4.a3 Bb7 5.Nc3 d5 6.Qc2 Be7 7.cxd5 Nxd5 8.Bd2 O-O
9.e4 Nxc3 10.Bxc3 Nd7 11.O-O-O Qc8 12.h4 Re8 13.Bd3 Ba6 14.e5 Bxd3 15.Qxd3 Nf8
16.h5 c5 17.Rh3 cxd4 18.Nxd4 Rd8 19.Qe4 Qc4 20.Rg3 Rac8 21.Qg4 g6 22.Rgd3 Rd7  1/2-1/2

[Event "European GP"]
[Site "Izmir TUR"]
[Date "2003.09.01"]
[Round "7"]
[White "Demirel,T"]
[Black "Yildiz,B"]
[Result "1-0"]
[WhiteElo "2217"]
[BlackElo "2122"]

1.d4 Nf6 2.c4 e6 3.Nf3 b6 4.a3 Bb7 5.Nc3 d5 6.cxd5 exd5 7.g3 Be7 8.Bh3 O-O
9.O-O c5 10.Nh4 Nc6 11.Nf5 Nxd4 12.Nxd4 cxd4 13.Nb5 Ne4 14.Nxd4 Bf6 15.Be3 Re8
16.Rc1 Nd6 17.b3 Qe7 18.Nc6 Bxc6 19.Rxc6 Rad8 20.Qd3 Ne4 21.b4 d4 22.Bc1 Nc3
23.Bg4 Nxe2+ 24.Kg2 Nc3 25.Bf3 Rc8 26.b5 Na4 27.Qc4 Nc5 28.Bb2 Rcd8 29.Rd1 Qe5
30.a4 Re6 31.Bxd4 Rxd4 32.Rxd4 Rxc6 33.bxc6 Qc7 34.Rd2 g6 35.a5 Kg7 36.axb6 axb6
37.Qd5 Be5 38.h4 h5 39.Re2 Bf6 40.Re8 Ne6 41.Qd7 Bd8  1-0

[Event "1st League TCh-SCG w"]
[Site "Budva SCG"]
[Date "2003.09.02"]
[Round "5"]
[White "Aleksov,A"]
[Black "Tuvic,N"]
[Result "0-1"]
[WhiteElo "2067"]
[BlackElo "2009"]

1.d4 Nf6 2.c4 e6 3.Nf3 b6 4.a3 Ba6 5.Qc2 Bb7 6.Nc3 c5 7.e4 cxd4 8.Nxd4 Bc5
9.Nb3 Nc6 10.Bg5 O-O 11.O-O-O Be7 12.f4 Ng4 13.Bxe7 Qxe7 14.Qd2 Rfd8 15.Bd3 d6
16.h3 Nf6 17.g4 Nd7 18.Bb1 Nc5 19.Bc2 Nxb3+ 20.Bxb3 Na5 21.Ba2 Rac8 22.b3 d5
23.exd5 exd5 24.Rhe1 Qxa3+ 25.Qb2 Qb4 26.Rd4 Nc6 27.Rxd5 Rxd5 28.cxd5 Na5
29.Kc2 Bxd5 30.Re5 Be4+ 31.Rxe4 Qxe4+ 32.Kc1 Qxf4+ 33.Kb1 Qf1+ 34.Kc2 Qe2+
35.Kb1 Qd3+  0-1

[Event "56th ch-RUS"]
[Site "Krasnoyarsk RUS"]
[Date "2003.09.03"]
[Round "1"]
[White "Najer,E"]
[Black "Ovetchkin,R"]
[Result "1-0"]
[WhiteElo "2608"]
[BlackElo "2519"]

1.d4 Nf6 2.c4 e6 3.Nf3 b6 4.a3 Ba6 5.Qc2 Bb7 6.Nc3 c5 7.e4 cxd4 8.Nxd4 Nc6
9.Nxc6 Bxc6 10.Be2 Qc7 11.f4 e5 12.Rf1 Bd6 13.g3 O-O 14.Be3 Qb7 15.O-O-O Nxe4
16.Bd3 Nf6 17.g4 exf4 18.Bd4 Qc7 19.g5 Ng4 20.Bxh7+ Kh8 21.Qf5 Bc5 22.Rxf4 Bxd4
23.Rxg4 g6 24.Bxg6 fxg6 25.Qxg6 Be3+ 26.Kb1 Qxh2 27.Qd3 Rae8 28.Ne4 Bxe4
29.Rxe4 Bxg5 30.Ka2 Bf6 31.Rd2 Qh7 32.Rxe8 Rxe8 33.Qf3 Qf7 34.Qg4 Bg7  1-0

[Event "V Open"]
[Site "Sants ESP"]
[Date "2003.09.06"]
[Round "8"]
[White "Hernando Rodrigo,Ju"]
[Black "Fluvia Poyatos,J"]
[Result "1/2-1/2"]
[WhiteElo "2283"]
[BlackElo "2461"]

1.d4 Nf6 2.c4 e6 3.Nf3 b6 4.a3 Bb7 5.Nc3 d5 6.cxd5 Nxd5 7.Qc2 Nxc3 8.bxc3 Be7
9.e4 O-O 10.Bd3 c5 11.O-O Qc8 12.Qe2 Ba6 13.Bg5 Bxg5 14.Nxg5 h6 15.Nf3 Bxd3
16.Qxd3 Qa6 17.Qxa6 Nxa6 18.d5 exd5 19.exd5 Nc7 20.c4 Ne8 21.Rfe1 Nd6 22.Nd2 Rfe8
23.Kf1 Kf8 24.a4 Rxe1+ 25.Rxe1 Rb8 26.Ke2 Re8+ 27.Kd1 Rxe1+ 28.Kxe1 f5 29.Ke2 Ke7
30.h4 g5 31.hxg5 hxg5 32.g3 g4 33.f3 gxf3+ 34.Kxf3 Kf6 35.Kf4 a6 36.g4 fxg4
37.Ne4+ Nxe4 38.Kxe4 Ke7 39.Kf4 b5 40.cxb5 axb5 41.a5 c4 42.a6 c3 43.a7 c2
44.a8=Q c1=Q+ 45.Kxg4 Qc4+ 46.Kf3 Kd6 47.Ke3 Qxd5 48.Qxd5+ Kxd5 49.Kd3  1/2-1/2

[Event "VII Pablo Gorbea"]
[Site "Madrid ESP"]
[Date "2003.09.07"]
[Round "7"]
[White "Lalic,B"]
[Black "Vazquez,R"]
[Result "1-0"]
[WhiteElo "2503"]
[BlackElo "2451"]

1.d4 Nf6 2.c4 e6 3.Nf3 b6 4.a3 Ba6 5.Qc2 Bb7 6.Nc3 c5 7.dxc5 Bxc5 8.Bf4 Nh5
9.Bg3 f5 10.e3 f4 11.Bh4 Be7 12.Bxe7 Qxe7 13.Bd3 fxe3 14.O-O-O Nf6 15.Nb5 Kd8
16.fxe3 Na6 17.Ne5 Nc5 18.b4 Nxd3+ 19.Qxd3 d5 20.Kb2 Nd7 21.Nxd7 Kxd7 22.e4 a5
23.exd5  1-0

[Event "TCh-CRO"]
[Site "Rabac CRO"]
[Date "2003.09.07"]
[Round "1"]
[White "Cebalo,M"]
[Black "Hracek,Z"]
[Result "0-1"]
[WhiteElo "2510"]
[BlackElo "2584"]

1.d4 Nf6 2.c4 e6 3.Nf3 b6 4.a3 Ba6 5.Qc2 Bb7 6.Nc3 c5 7.dxc5 bxc5 8.Bf4 Nh5
9.Bg5 Be7 10.Bxe7 Qxe7 11.e3 O-O 12.Be2 Nc6 13.Rd1 Nf6 14.O-O Rfd8 15.Rd2 h6
16.Rfd1 Rab8 17.Ne1 Ne5 18.h3 Bc6 19.f4 Ng6 20.Nf3 Rb6 21.Rf1 Rdb8 22.Bd3 Bxf3
23.Rxf3 Rxb2 24.Qxb2 Rxb2 25.Rxb2 Qd6 26.Bb1 Nh4 27.Rf1 g6 28.Kh2 Qa6 29.Nb5 Qa4
30.Rc1 a6 31.Rc3 Qa5 32.Rc1 axb5 33.cxb5 Qxa3 34.Rcc2 Nd5 35.b6 Nxb6 36.Rxb6 Qxe3
37.g3 Nf3+  0-1